Successful business plan secrets & strategies : America's best-selling business plan guide!
Saved in:
| Main Author: | |
|---|---|
| Format: | Book |
| Language: | English |
| Published: |
Palo Alto
PlanningShop
2014
|
| Edition: | 6th ed. |
| Subjects: | |
| Tags: |
No Tags, Be the first to tag this record!
|
MARC
| LEADER | 00000nam a2200000 4500 | ||
|---|---|---|---|
| 001 | 0234982 | ||
| 005 | 20240226124433.9 | ||
| 020 | |a 978-1-933895-46-8 | ||
| 041 | 0 | |a eng | |
| 044 | |a US | ||
| 245 | 1 | 0 | |a Successful business plan |b secrets & strategies : America's best-selling business plan guide! |c Rhonda Abrams |
| 250 | |a 6th ed. | ||
| 264 | 1 | |a Palo Alto |b PlanningShop |c 2014 | |
| 300 | |a xxx, 430 s. | ||
| 610 | 2 | 0 | |a plánovanie podnikové |
| 610 | 2 | 0 | |a plán podnikový |
| 610 | 2 | 0 | |a plán marketingový |
| 610 | 2 | 0 | |a stratégia podniková |
| 610 | 2 | 0 | |a stratégia podnikateľská |
| 610 | 2 | 0 | |a predaj |
| 610 | 2 | 0 | |a riadenie podnikové |
| 610 | 2 | 0 | |a zodpovednosť podniku spoločenská |
| 610 | 2 | 0 | |a plán finančný |
| 610 | 2 | 0 | |a start-up |
| 100 | 1 | |a Abrams, Rhonda | |